| 000 | 00507 a2200193 4500 | ||
|---|---|---|---|
| 005 | 20250428154413.0 | ||
| 008 | 250428b |||||||| |||| 00| 0 eng d | ||
| 020 |
_a9789386365644 _cRs. 1695.00 |
||
| 040 | _aMAIN | ||
| 082 |
_a355.00954 _bJ151T |
||
| 100 | _aJacob, N | ||
| 245 | _aTransformation of India's defence system | ||
| 260 |
_bShri Sai Printographers _c2024 _aNew Delhi |
||
| 300 | _a268 | ||
| 650 | _aDefence Studies | ||
| 650 | _aMilitary Science | ||
| 650 | _aIndian Army | ||
| 942 | _cBK | ||
| 999 |
_c359667 _d359667 |
||